000 00452ntaaa2200181 4500
003 01
005 20251027201616.0
008 0714s1973 ag 01
040 _aAR-BaBN
_bspa
_cAR-BaBN
_eaacr
_dRIC
082 _a248.2200 G13s
100 _aGalilea, Segundo
_96933
245 _aLa sabiduria del desierto
250 _a1 ed.
260 _aBogotá :
_bCLAR,
_c1985
300 _a67 p ;
_c21 cm
650 _acatolicismo-misticismo
_914802
942 _cBK
999 _c10701
_d10701